000 00625nam a22002057a 4500
003 OSt
005 20131115122605.0
008 130611s1994 sp ||||| |||| 00| 0 spa d
020 _a8460507378
040 _cCDMR
100 1 _92089
_aReig, Ramón
245 1 3 _aLa información binaria
_b: emotividad y simplicidad en el periodismo
_cRamón Reig
260 _aSevilla
_bGallo de Vidrio
_c1994
300 _a208 p.
490 _aEl Desván
_v5
650 0 4 _94097
_aAnàlisi de contingut (Comunicació)
650 0 4 _93099
_aSensacionalisme en la premsa
650 0 4 _9166
_aPublicitat
_xAspectes ètics i morals
942 _2udc
_cMON
999 _c6445
_d6445